Quizzes
Events
Quiz Creation
Community
Videos
Private Events
Remove Ads
Sign In
Join for FREE
Feedback
Dark Mode
Quiz Categories
Sports
Geography
Music
Movies
Television
Just For Fun
Miscellaneous
History
Literature
Language
Science
Gaming
Entertainment
Religion
Holiday
For Kids
Quiz Lab
Recent
Popular Today
Quiz Kudos Today
Editor Picks
Curator Picks
Quizzes by...
Day
Popularity
Type
Ratings
Length
Year
Community
Subscriptions
Recent Discussions
Orange Saloon
Badges
Playlists
Quests
Create
Leaderboards
Showdown
Live 5
Trivia Bingo
Activity
Puzzle Library
Sporcle Events
Private Events
Virtual Trivia
Globe League
Become a Host
Pub Owners
SporcleCon
Opinionation
Our Games
Videos
Blog
Mobile Apps
Partnerships
Remove Ads and Go Orange
Feedback
Sports
Athletes
MLB
NBA
NHL
NFL
Soccer
Sports Teams
WWE
NCAA
Football
Premier League
Basketball
Baseball
Hockey
Golf
Tennis
Cricket
Rugby
Auto Racing
Olympics
World Cup
Sports
Athletes
MLB
NBA
NHL
NFL
Soccer
Sports Teams
WWE
NCAA
Football
Premier League
Basketball
Baseball
Hockey
Golf
Tennis
Cricket
Rugby
Auto Racing
Olympics
World Cup
Random Quiz
Search Sporcle
×
Quiz Lab
Quiz Lab
Sports
club
Type in answers that appear in a list
Type in answers that appear in a list
Classic
Best Score? Go Orange.
AFL-All Australian Players since 1991-2009 Stats
Can you name the AFL-All Australian Players since 1991
By
TigerRockets
20m
203 Questions
332 Plays
332 Plays
332 Plays
Comments
Comments
Give Quiz Kudos
Give Quiz Kudos
-
- Ratings
hide this ad
More Info
Replay
Link that replays current quiz
Next Quiz
Link to next quiz in quiz playlist
You Got
0%
They Got
Avg Score
60%
Avg Friend Score
Upgrade to see
Score Distribution
Jump to the score distribution portion of the page
Score
0/203
Timer
20:00
0
Plays Today
Club
Answer
% Correct
Geelong
Gary Ablett senior
90.4%
Brisbane
Jonathon Brown
88.6%
Collingwood
Gavin Brown
88.6%
Hawthorn
Campbell Brown
88.6%
Western Bulldogs
Nathan Brown
88.6%
Brisbane
Chris Johnson
85.8%
Western Bulldogs
Brad Johnson
85.8%
Essendon
Jason Johnson
85.5%
Geelong
Steven Johnson
85.5%
Collingwood
Nathan Buckley
83.1%
Hawthorn
Joel Smith
82.5%
Western Bulldogs
Rohan Smith
82.5%
Brisbane
Michael Voss
81.9%
Geelong
Joel Selwood
81.9%
St Kilda
Robert Harvey
81.9%
Essendon
Mark Harvey
81.6%
Fitzroy
Alistair Lynch
81.6%
Hawthorn
Luke Hodge
81.6%
North Melbourne
Brent Harvey
81.6%
Sydney
Barry Mitchell
81.6%
Brisbane
Simon Black
81.3%
Fremantle
Matthew Pavlich
80.4%
St Kilda
Nick Riewoldt
80.1%
Adelaide
Darren Jarman
80%
Hawthorn
Darren Jarman
80%
Collingwood
Dane Swan
79.8%
Adelaide
Mark Ricciuto
79.5%
Brisbane
Jason Akermanis
79.2%
Adelaide
Andrew McLeod
78.3%
Essendon
James Hird
78.3%
Geelong
Jimmy Bartel
78.3%
Essendon
Matthew Lloyd
78%
North Melbourne
Wayne Carey
77.7%
Sydney
Paul Kelly
75.9%
West Coast
Ben Cousins
75.6%
Geelong
Corey Enright
74.1%
Geelong
Matthew Scarlett
74.1%
Richmond
Matthew Richardson
72.6%
West Coast
Dean Cox
72.6%
Sydney
Adam Goodes
72%
Carlton
Greg Williams
71.1%
Sydney
Paul Williams
71.1%
Essendon
Dustin Fletcher
70.8%
West Coast
Chad Fletcher
70.8%
Brisbane
Nigel Lappin
70.5%
Carlton
Matthew Lappin
70.5%
Hawthorn
Shane Crawford
69.3%
Hawthorn
Jason Dunstall
69.3%
Port Adelaide
Warren Tredrea
69%
West Coast
Daniel Kerr
68.4%
Fremantle
Aaron Sandilands
67.8%
Adelaide
Tony Modra
67.5%
Hawthorn
Jon Hay
67.5%
Port Adelaide
Chad Cornes
67.5%
Collingwood
Leon Davis
66.6%
Carlton
Stephen Silvagni
66.3%
Melbourne
David Neitz
66.3%
Western Bulldogs
Scott West
66%
Adelaide
Ben Hart
65.7%
West Coast
David Hart
65.4%
Geelong
Joel Corey
65.1%
St Kilda
Lenny Hayes
65.1%
Adelaide
Simon Goodwin
64.2%
Carlton
Anthony Koutoufides
63.9%
Carlton
Brendan Fevola
63.6%
Geelong
Paul Chapman
63.6%
Geelong
Cameron Ling
63.6%
Port Adelaide
Shaun Burgoyne
63.3%
Club
Answer
% Correct
Carlton
Stephan Kernahan
63%
North Melbourne
Glenn Archer
63%
Brisbane
Justin Leppitsch
62.7%
North Melbourne
Shannon Grant
62.3%
St Kilda
David Grant
62.3%
Western Bulldogs
Chris Grant
62.3%
Essendon
Michael Long
61.7%
St Kilda
Luke Ball
61.7%
Geelong
Cameron Mooney
61.4%
St Kilda
Nick Dal Santo
61.4%
West Coast
Peter Matera
61.4%
West Coast
Phil Matera
61.4%
Geelong
Bill Brownless
61.1%
St Kilda
Austinn Jones
61.1%
Carlton
Chris Judd
60%
Essendon
Gavin Wanganeen
60%
Fitzroy
Paul Roos
60%
Fremantle
Peter Bell
60%
Hawthorn
Lance Franklin
60%
North Melbourne
Peter Bell
60%
Port Adelaide
Kane Cornes
60%
Port Adelaide
Gavin Wanganeen
60%
St. Kilda
Tony Lockett
60%
Sydney
Paul Roos
60%
Sydney
Tony Lockett
60%
Sydney
Barry Hall
60%
West Coast
Chris Judd
60%
Melbourne
Gary Lyon
59.6%
Collingwood
Nick Maxwell
59%
Carlton
Craig Bradley
58.7%
Melbourne
Jim Stynes
58.1%
Melbourne
Jeff White
58.1%
West Coast
Mitchell White
58.1%
Geelong
Steven King
57.8%
North Melbourne
David King
57.8%
St Kilda
Leigh Montagna
57.5%
West Coast
Darren Glass
57.2%
Collingwood
Alan Didak
56%
North Melbourne
Adam Simpson
56%
Carlton
Brett Ratten
55.7%
Western Bulldogs
Brian Lake
55.1%
North Melbourne
Anthony Stevens
54.5%
Western Bulldogs
Matthew Boyd
54.5%
Geelong
Garry Hocking
53.9%
Western Bulldogs
Adam Cooney
53.6%
Brisbane
Luke Power
53.3%
Richmond
Wayne Campbell
53.3%
St Kilda
Brendon Goddard
53%
Richmond
Brad Ottens
52.7%
St Kilda
Nathan Burke
52.1%
West Coast
Glen Jakovich
51.2%
Melbourne
Adem Yze
50.3%
Geelong
Matthew Egan
50%
Essendon
Mark Mercuri
49.7%
Geelong
Tom Harley
49.1%
Adelaide
Shaun Rehn
48.8%
Port Adelaide
Matthew Primus
48.2%
Western Bulldogs
Scott Wynd
48.2%
Carlton
Lance Whitnall
47.9%
Essendon
Damien Hardwick
47.9%
Adelaide
Nigel Smart
47.6%
Adelaide
Ben Rutten
47.3%
Sydney
Leo Barry
47.3%
Richmond
Joel Bowden
47%
Sydney
Brett Kirk
47%
Collingwood
Chris Tarrant
46.7%
Essendon
Anthony Daniher
46.7%
Sydney
Michael O'Loughlin
46.4%
Club
Answer
% Correct
Geelong
Paul Couch
46.1%
Adelaide
Nathan Bock
45.8%
Hawthorn
John Platten
45.8%
Sydney
Ryan O'Keefe
45.8%
Port Adelaide
Josh Francou
45.5%
St Kilda
Sam Fisher
45.5%
West Coast
Guy McKenna
45.2%
Geelong
Darren Milburn
44.9%
St Kilda
Stewart Loewe
44.9%
Sydney
Craig Bolton
44.9%
Hawthorn
Trent Croad
44.6%
Melbourne
Jeff Farmer
44.6%
Port Adelaide
Brendan Lade
43.7%
North Melbourne
Byron Pickett
43.1%
Carlton
Scott Camporeale
42.8%
Essendon
Adam McPhee
42.8%
Western Bulldogs
Luke Darcy
42.5%
Collingwood
James Clement
41.6%
Essendon
Sean Wellman
41%
Adelaide
Nathan Bassett
40.7%
Richmond
Matthew Knights
40.7%
Western Bulldogs
Dale Morris
40.1%
St.Kilda
Fraser Gehrig
40%
West Coast
Fraser Gehrig
40%
Fremantle
Paul Hasleby
39.8%
Carlton
Justin Madden
39.5%
Carlton
Andrew McKay
39.5%
North Melbourne
Corey McKernan
38.9%
Hawthorn
Paul Salmon
38%
Adelaide
Tony McGuinness
37.3%
West Coast
Chris Mainwaring
37%
Melbourne
James McDonald
36.7%
Carlton
Matthew Allan
35.8%
Collingwood
Paul Medhurst
35.8%
Geelong
Ken Hinkley
35.8%
Hawthorn
Ben Allan
35.8%
Melbourne
Todd Viney
35.5%
West Coast
Dean Kemp
34.6%
Adelaide
Chris McDermott
34.3%
West Coast
Michael Gardiner
33.4%
Richmond
Darren Gaspar
32.5%
West Coast
David Wirrpanda
32.5%
Geelong
Mark Bairstow
32.2%
Western Bulldogs
Lindsay Gilbee
30.7%
Geelong
Barry Stoneham
30.1%
West Coast
Ashley McIntosh
30.1%
Hawthorn
Chris Langford
29.8%
Adelaide
Greg Anderson
29.2%
St Kilda
Nick Winmar
27.7%
Sydney
Wayne Schwass
27.7%
Carlton
Ang Christou
25.6%
Carlton
Mil Hanna
25.6%
Richmond
Andrew Kellaway
24.4%
Western Bulldogs
Paul Hudson
24.1%
Brisbane
Craig Lambert
23.5%
West Coast
Craig Turley
23.5%
Geelong
Michael Mansfield
22.6%
Collingwood
Michael McGuane
20.2%
Geelong
Gary Ablett Junior
20%
Hawthorn
Peter Everitt
20%
St.Kilda
Peter Everitt
20%
Port Adelaide
Brett Montgomery
19.6%
Carlton
Michael Sexton
19.3%
Collingwood
Tony Francis
17.5%
Melbourne
Stephen Tingay
16.9%
Port Adelaide
Adam Heuskes
15.7%
Sydney
Darryn Cresswell
14.2%
Quiz Playlist
Details
Report
Send in Message
Add To Playlist
More Info:
Players selected as All Australians since selection criteria changed in 1991 to be for games during season not state of origin.
Classic:
Type in answers that appear in a list
Last Updated: Oct 9, 2023
Quiz Scoreboard
CHALLENGE
Sign Up to Join the Scoreboard
Show All
Scores
Hide
Comments
May contain spoilers
Recently Published
9x9 Crossword: Cartoon Network
by jackfrog10
Miscellaneous
3m
College Basketball Coaching Resumes
by pancakes188
Sports
9m
Billboard Blitz: Fleetwood Mac
by CooCooCachoo
Music
15s
More to Explore
Quiz From the Vault
Featured Blog Post
Where Did the Easter Bunny Come From?
hide this ad
You Might Also Like...
Tags
1991
Australia
club
Player
Today's Top Quizzes in Sports
Browse Sports
hide this ad
Today's Top Quizzes in club
Browse club
Top Contributed Quizzes in Sports
1
2022 World Cup Stars
2
Les meilleurs buteurs des matchs entre le PSG et l’OM
3
FIFA Club World Cup Champions
4
Les entraîneurs de l'OM et du PSG au 21e siècle
5
Criteria MLB: Left Handed Sluggers
6
AFC Teams Reveal (Wrong Answers Minefield)
7
2023 MLB Unique Player Accomplishments
8
5-to-1: FBS Animal Nicknames
9
Players with Multiple 50 Home Run Seasons
10
5-to-1: UK Sports Teams
Explore More
Trending Topics
Kpop
NBA
Harry Potter
Crossword
Anime
Marvel
Disney
Puzzle
Pokémon
Country
NFL
The Office
Soccer
Song
WWE
hide this ad
More By:
TigerRockets
Quiz
Plays
Rating
Category
Featured
Created
AFL - Brothers 2019
3,118
5.00
Sports
Mar 30, 2019
AFL - 3 CLUB PLAYERS 2019
2,956
5.00
Sports
Mar 30, 2019
AFL 2019 Multiple Choice
2,903
4.33
Sports
Oct 19, 2019
Golf - Top ten in USA Masters since 2000
1,795
3.75
Sports
Jun 1, 2013
Cricket Australia World Cup Squad Members 1975-2023
1,572
5.00
Sports
Nov 12, 2012
Go to Creator's Profile
Score Distribution
Quiz Creator Spotlight
TigerRockets
Follow
Send a Message
Quizzes Created
-
Created Quiz Play Count
-
More By This Creator
Popular Quizzes Today
1
Find the US States - No Outlines Minefield
2
Find the Countries of Europe - No Outlines Minefield
3
The Countries of the World
4
Find the US States
5
Risky Map Clicking: Biggest States A-Z
6
US States
7
Popular People in 1961
8
Movies - When Are They Set?
More Sports Quizzes
Mixed Big 4 Logos
Published
Trending Quizzes
Risky Map Clicking: Least Populous States A-Z
1-10 Letter G Words
1-10 Letter F Words
Risky Map Clicking: Next State Alphabetically
Adjectives in 80s TV Shows
Recently Updated
Leaping Animals
pecheneg
Reality TV Shows (A-Z)
bhenderson79
Rickey Henderson's Hall of Fame Teammates
pecheneg
Champions League XIs: Arsenal
pecheneg
Quick Pick: Celebrities in WWE's Hall of Fame
aduchscher
A-Z Keypad Blitz II
pecheneg
Multiple Oscar Actors
pecheneg
Mystery Phrase Blitz: Oscar 'Best Actors'
pecheneg
F. Scott Fitzgerald Novels
LTH
Pick 3 Villains
ddd62291
Trending Topics
NBA
Harry Potter
Crossword
Kpop
Marvel
Disney
Anime
Puzzle
Soccer
Country
NFL
WWE
The Office
Song
Pokémon
Your Account Isn't Verified!
In order to create a playlist on Sporcle, you need to verify the email address you used during registration. Go to your
Sporcle Settings
to finish the process.
Report this User
Report this user for behavior that violates our
Community Guidelines
.
Details:
Send Report
Go to the Sporcle.com Mobile Site →
Comments